| 000 | 01394nam a22002177a 4500 | ||
|---|---|---|---|
| 005 | 20240724233249.0 | ||
| 008 | s2554 th tha d | ||
| 041 | _atha | ||
| 050 | _aQH95.8 ศ291อ 2554 | ||
| 100 | 0 | _aศศิธร สุขวิวัฒนพร | |
| 245 | 1 | 0 | _aอัลกอริทึมสำหรับการจำแนกสภาพแนวปะการังโซนพื้นที่ราบโดยใช้ข้อมูลดาวเทียม THEOS : กรณีศึกษาอุทยานแห่งชาติสิรินาถ จังหวัดภูเก็ต ประเทศไทย |
| 260 | 3 |
_aสงขลา : _bมหาวิทยาลัยสงขลานครินทร์, _c2554 |
|
| 300 |
_a61 หน้า : _b ภาพประกอบ, ตาราง ; _c 30 ซม. |
||
| 650 | 0 | 4 | _aมหาวิทยาลัยสงขลานคริทร์. ปริญญาวิทยาศาสตรมหาบัณฑิต -- วิทยานิพนธ์ |
| 650 | 0 | 4 | _aปะการัง -- ไทย -- ภูเก็ต -- วิจัย |
| 850 | _aNALT | ||
| 942 | _cRSH | ||
| 997 | _aบ 24257 | ||
| 997 | _c000000000064327 | ||
| 998 | _aนางสาวสายฝน ดีงาม | ||
| 999 |
_c64327 _d64327 |
||